| 000 | 01014nam a2200217 i 4500 | ||
|---|---|---|---|
| 001 | 140120 | ||
| 003 | ES-MaACL | ||
| 005 | 20240301062536.0 | ||
| 007 | t| | ||
| 008 | 070214s1948 sp r ||||1| spa d | ||
| 100 | 1 |
_aSedó Peris-Mencheta, Juan ( _d1908-1966) _9105075 |
|
| 245 | 1 | 0 |
_aDiscurso leído en el acto inaugural de la II Exposición Bibliográfica Cervantina _b: celebrada el día 19 de abril de 1948 en la Biblioteca Nacional de Madrid con motivo de la Asamblea Cervantina de la Lengua Española / _cJuan Sédo Peris-Mencheta. |
| 260 |
_aBarcelona : _b[s. n.], _c1948 ( _fImp.-Escuela de la Casa Provincial de Caridad) |
||
| 300 |
_a11 p. ; _c25 cm. |
||
| 600 | 1 | 4 |
_aCervantes Saavedra, Miguel de, _d1547-1616 _9226514 |
| 710 | 2 |
_aBiblioteca Nacional (España) _92188 |
|
| 711 | 1 |
_aExposición Bibliográfica Cervantina ( _cMadrid ( _d1948) ( _n. 2ª) _9220572 |
|
| 711 | 1 |
_aAsamblea Cervantina de la Lengua Española ( _d1947-48) _96 |
|
| 852 |
_aES-MaACL _j2043-F-23 _bR.56169 |
||
| 999 |
_c140120 _d140120 |
||